000 00338nam a2200145 i 4500
001 bg
100 1 _aBLECHMAN, I. I.
245 0 _aSinchronizacija dinamiceskich sistem /
_cI.I. Blechman.
260 _aMoskva,
_c1971.
040 _cBPK
041 _apol
080 _a531.3
942 _cKS
008 s pl f |000 0 pol
999 _c14152
_d14152
856 _uhttp://koha.tu.koszalin.pl/cgi-bin/koha/opac-detail.pl?biblionumber=14152
_yKatalog online BPK